000 01200nam a22002775i 4500
001 153132
003 ES-MaACL
005 20250724015106.0
008 990922s1787 sp |||| | lat d
040 _aCLM
_bspa
_cCLM
100 1 _aCid, Francisco Xavier.
_938759
245 1 0 _aDissertatio epistolaris circa inventionem pulsus antidiscroti tamquam veri signi futuram diarrhoeam ventosam demonstrantis
_b: in prosecutionem inuenti pulsifici solaniani ad Regiam Academiam Medicam Neapolitana /
_ca D. Francisco Xaverio Cid.
260 _aToleti :
_ba D. Isidoro Martino Marques ...,
_c[1787?]
300 _a[4], 17 p., [3] en bl. ;
_c4º.
530 _aDisponible en formato digital.
596 _aTexto fechado en Toledo, 1787.
596 _aMarca tip. en port.
597 _aSign.: [ ]², A4, B6.
597 _aAntep.
650 4 _aDiarrea-
_xTratamiento.
_9155239
650 0 4 _aMedicina-
_vObras anteriores a 1800
_914912
700 1 1 _aMartín Marqués, Isidro.
_9129603
852 _aES-MaACL
_jR-3429(5)
_z-- Enc. pasta
_z.- Donat. Mateo Seoane
856 _uhttp://bdh-rd.bne.es/viewer.vm?id=0000099142&page=1
_zBiblioteca Digital Hispánica
999 _c153132
_d153132